| Tag |
First Indicator |
Second Indicator |
Subfields |
| LEADER |
00000cam a2200000 4500 |
| 001 |
in00000246786 |
| 005 |
20151010051146.0 |
| 008 |
790718r19701854ctu 10010 eng d |
| 035 |
|
|
|a (OCoLC)05183298
|
| 035 |
|
|
|9 ABB4512AM
|
| 040 |
|
|
|a TXA
|c TXA
|d UtOrBLW
|
| 049 |
|
|
|a TXAM
|c [856628]
|
| 090 |
|
|
|a E449
|b .A5173 1970
|
| 110 |
2 |
|
|a American Anti-Slavery Society.
|
| 245 |
1 |
0 |
|a Proceedings of the American Anti-slavery Society, at its second decade.
|
| 264 |
|
1 |
|a Westport, Conn. :
|b Negro Universities Press,
|c [1970]
|
| 300 |
|
|
|a 176 pages
|
| 336 |
|
|
|a text
|b txt
|2 rdacontent
|
| 337 |
|
|
|a unmediated
|b n
|2 rdamedia
|
| 338 |
|
|
|a volume
|b nc
|2 rdacarrier
|
| 500 |
|
|
|a Reprint of the 1854 edition.
|
| 650 |
|
0 |
|a Slavery
|z United States
|x Societies, etc.
|
| 999 |
|
|
|a MARS
|
| 999 |
f |
f |
|s f96729bb-f15a-3c68-9070-2318f701edc1
|i 385c69f4-3d60-3e19-b5fe-c241e2d8be31
|t 0
|
| 952 |
f |
f |
|p ric
|a Texas A&M University
|b Rellis Campus
|c Joint Library Facility
|d Remote Storage
|t 0
|e E449 .A5173 1970
|h Library of Congress classification
|i unmediated -- volume
|m A14802221861
|
| 998 |
f |
f |
|a E449 .A5173 1970
|t 0
|l Remote Storage
|